Central Library || Chittagong University

The Ocean of story (Katha Sarit Sagara).// (Record no. 109738)

MARC details
000 -LEADER
fixed length control field 00502nam a22001817a 4500
003 - CONTROL NUMBER IDENTIFIER
control field BD-ChCU
005 - DATE AND TIME OF LATEST TRANSACTION
control field 20251124093504.0
008 - FIXED-LENGTH DATA ELEMENTS--GENERAL INFORMATION
fixed length control field 251124b bg ||||| |||| 00| 0 ben d
040 ## - CATALOGING SOURCE
Transcribing agency BD-ChCU
082 ## - DEWEY DECIMAL CLASSIFICATION NUMBER
Classification number 398.20954 SOO(2)
100 ## - MAIN ENTRY--PERSONAL NAME
Personal name Somadeva,
9 (RLIN) 16716
245 ## - TITLE STATEMENT
Title The Ocean of story (Katha Sarit Sagara).//
250 ## - EDITION STATEMENT
Edition statement 2nd Rev. ed.
260 ## - PUBLICATION, DISTRIBUTION, ETC.
Place of publication, distribution, etc. Delhi.
Name of publisher, distributor, etc. Motilal Banarasidass.
Date of publication, distribution, etc. 1968
300 ## - PHYSICAL DESCRIPTION
Extent Vol.1-10
650 #0 - SUBJECT ADDED ENTRY--TOPICAL TERM
Topical term or geographic name entry element Legends - India. Sanskrit Literature
9 (RLIN) 16718
942 ## - ADDED ENTRY ELEMENTS (KOHA)
Source of classification or shelving scheme Dewey Decimal Classification
Koha item type Books
Suppress in OPAC No
Holdings
Withdrawn status Lost status Source of classification or shelving scheme Damaged status Not for loan Home library Current library Shelving location Date acquired Source of acquisition Total Checkouts Full call number Barcode Date last seen Price effective from Koha item type Public note Copy number
    Dewey Decimal Classification     Chittagong University Library Chittagong University Library Arts and Humanities Reading Room 11/24/2025 Purchase   398.20954 SOO(2)/V.1 99327 11/24/2025 11/24/2025 Books Vol : 1  
    Dewey Decimal Classification     Chittagong University Library Chittagong University Library Arts and Humanities Reading Room 11/24/2025 Purchase   398.20954 SOO(2)/V.2 99328 11/24/2025 11/24/2025 Books Vol. 2  
    Dewey Decimal Classification     Chittagong University Library Chittagong University Library Arts and Humanities Reading Room 11/24/2025 Purchase   398.20954 SOO(2)/V.3 99329 11/24/2025 11/24/2025 Books Vol : 3  
    Dewey Decimal Classification     Chittagong University Library Chittagong University Library Arts and Humanities Reading Room 11/24/2025 Purchase   398.20954 SOO(2)/V.4 99330 11/24/2025 11/24/2025 Books Vol : 4  
    Dewey Decimal Classification     Chittagong University Library Chittagong University Library Arts and Humanities Reading Room 11/24/2025 Purchase   398.20954 SOO(2)/V.5 99331 11/24/2025 11/24/2025 Books Vol : 5 C-5
    Dewey Decimal Classification     Chittagong University Library Chittagong University Library Arts and Humanities Reading Room 11/24/2025 Purchase   398.20954 SOO(2)/V.6 99332 11/24/2025 11/24/2025 Books Vol : 6  
    Dewey Decimal Classification     Chittagong University Library Chittagong University Library Arts and Humanities Reading Room 11/24/2025 Purchase   398.20954 SOO(2)/V.7 99333 11/24/2025 11/24/2025 Books Vol : 7  
    Dewey Decimal Classification     Chittagong University Library Chittagong University Library Arts and Humanities Reading Room 11/24/2025 Purchase   398.20954 SOO(2)/V.8 99334 11/24/2025 11/24/2025 Books Vol : 8  
    Dewey Decimal Classification     Chittagong University Library Chittagong University Library Arts and Humanities Reading Room 11/24/2025 Purchase   398.20954 SOO(2)/V.9 99335 11/24/2025 11/24/2025 Books Vol : 9  
    Dewey Decimal Classification     Chittagong University Library Chittagong University Library Arts and Humanities Reading Room 11/24/2025 Purchase   398.20954 SOO(2)/V.10 99336 11/24/2025 11/24/2025 Books Vol : 10  
© Copyright 2025. Chittagong University Library, Installation and Maintenance by Prof. Dr. Md. Alamgir, 01711306253